000 00285nam a22001217a 4500
008 160511b xxu||||| |||| 00| 0 eng d
020 _a9780761918097
020 _a0761918094
041 _aeng
080 _a61
245 _aTaking my place in medicine:
_cCarmen Webb;
942 _2udc
_cBK
999 _c2011
_d2011